000 00627cam a2200193 4500
001 D6177
008 090401t1980 xxu||||| |||| 00| 0 eng d
035 _a(Sirsi) u88894
041 _aeng
050 _a692.8
110 _aJoint Contracts Tribunal
_93664
245 _aStandard form of building contract 1980 edition: fluctuation clauses for use with the local authorities editions with, without and with approximate quantities (Clauses 38, 39, 40)
260 _aLondon
_bRIBA
_c1980
300 _a31p. 30cm
350 _a1.73
520 _aFiled in box JCT 1980/16A (Archives only)
942 _n0
948 _c04/03/1997
999 _c97399
_d97399